000 002490000a22000970004500
100 1 _aFord, Leighton
245 1 0 _aKingdom seekers and empire builders
300 _aVol. 14, Núm 44 (1987), Páginas 2-4
773 0 _tWorld Evangelization
942 _cANA
999 _c58141
_d58141